000 01494nam a2200277Ia 4500
999 _c43260
_d43260
001 9987
003 GE_BSU
005 20200227143825.0
008 181216s1951ge xx |||||||||||||| ||geo||
040 _cGE_BSU
041 _ageo
080 _a821.353.1–13 რ–93
100 _aრუსთაველი,შოთა
_96197
245 _aვეფხისტყაოსანი :
_bპოემა /
_cშოთა რუსთაველი ; სარედ.კოლ.ალ .ბარამიძე ; კ.კეკელიძე ; ა. შანიძე ; ილ. მხატვ. ს.ქობულაძისა.
264 _aთბილისი :
_bსახელგამი,
_c1951.
300 _a387 გვ. :
_b12ფურც.პორტრ. და ილ. ;
_c23 სმ.
500 _aდანართი:ლექსიკონი, გვ.335-383
653 _aვეფხისტყაოსანი
653 _aპოემა
653 _aქართული ლიტერატურა
700 _aბარამიძე, ალ
_eსარედაქციო კოლეგია
_94433
700 _aკეკელიძე, კ
_eსარედაქციო კოლეგია
_93519
700 _aშანიძე, ა
_eსარედაქციო კოლეგია
_95569
700 _aქობულაძე, ს
_eმხატვარი ილუსტრატორი
_97555
942 _cBK
_2udc